01046naa a22002417a 4500001001000000003000900010005001700019007000300036008003400039040005400073041000900127072002000136100002500156100001900181111010200200245014000302260004200442500013600484650001800620650001000638650002300648773013300671BR6800164BR-BrBNA20240918173319.0ta230509b bl.||||| |||| 00| 0 por d aBR-BrBNAbporcBiblioteca Nacional de Agricultura a(Pt) aL73b8100bG5141 aSantos, C.A.M.L. dos1 aValle, E.P. do1 a8. Reuniao Nacional de Tecnicos em Pesquisas sobre PescacRio de Janeiro, GB (Brazil)d7 Oct 19681 aIncidencia de Chloromyzum rosembushi, gelormini no tecido intramuscular de merluza (Merluccius hubbsi, Marini)[Parasito; Peixe; Brasil]3 aRio de Janeiro, GB (Brasil): c1968.  a8. Reuniao Nacional de Tecnicos em Pesquisas sobre Pesca. Documento final Rio de Janeiro, GB (Brasil): 1968. vp. (BR6800164-AM)L73  aDoenca animal aPeixe aParasito de animal0 t8. Reuniao Nacional de Tecnicos em Pesquisas sobre Pesca. Documento finalwL73 BR6800164gRio de Janeiro, GB (Brasil), 1968. vp.